000 00291nam a2200121Ia 4500
008 191201s2019 xx 000 0 und d
100 _aKUMAR, R
245 0 _aBrilliant Mathematics Series Statistics
260 _aN. Delhi
_bVardhman Pub
300 _aMISC
650 _aApplied
942 _2ddc
_cBK
999 _c75
_d75